00919nas a2200229Ia 4500001001100000003000900011008004100020040001300061040001300074041001300087100004900100210001900149222001900168245014200187250001100329260004000340501008600380300002000466362002600486500013900512650003800651R951/D2329IT-RoPAU151124c99999999xx |||||||||||| ||und|| aIT-RoPAU cIT-RoPAU aITALIANO aChan Anna Kai-YunggCodice Aut. SPICS: 52054 aECCLESIA ORANS aEcclesia Orans aECCLESIA ORANS, ANNO 10-N.03 (1993)bRito Della Consegna Del Padre Nostro (Mt 6,9-13) Nei Sermoni Lvi-Lix di Sant'Agostino di Ippona (Il) a1a ed. aROMAbCENTRO STUDI S. ANSELMOc1993 bPaulus - SPICS - Società San Paolo EM (non-commercial uses only)cCopyright2015 a26 p. [287-312] aANNO 010, N.03 (1993) aTempo della Celebrazione del Rito della Consegna del Padre Nostro. Celebrante il Vescovo. Soggetti i Competenti. Svolgimento del Rito. aLITURGIAvPUBBLICAZIONE PERIODICA